000 01095nam a2200325Ia 4500
003 OSt
005 20221007123134.0
006 a|||||r|||| 00| 0
007 ta
008 221006b |||||||| |||| 00| 0 eng d
020 _a9781138093072 (hbk)
024 _a201003
037 _b499, 17/01/2020, A.J. Books
_cTextual
040 _aPAPL
_cPAPL
_beng
041 _2eng
_aeng
082 _aD65,8(B)94Mt, Q9 Carpa
100 _aKharab Abdelwahab
245 0 _aIntroduction to numerical methods: A MATLAB approach
_b Guenther Ronald B
250 _a4
260 _aBoca
_bRaton CRC Press
_c2019
300 _axv, 615p. ill.
_ccm.
500 _aBibliography and references 551-555p.; Appendix 556p.; Index 611-615p.
650 _a Interpolation
_9716626
650 _a Numerical integration
_9716627
650 _a Numerical optimization
_9716628
650 _aPhysics
700 _a Guenther Ronald B
942 _hD65,8(B)94Mt, Q9 Carpa
_cTEXL
_2CC
999 _c1211430
_d1211430